Statistics for European countries by number of skyscrapers

Click here to take the quiz!

General Stats

  • This quiz has been taken 185 times
  • The average score is 11 of 12

Answer Stats

AmountCountry% Correct
12France
99%
29Russia
99%
10Spain
99%
12Germany
97%
12United Kingdom
97%
4Italy
95%
11Poland
92%
3Austria
81%
1Sweden
81%
5Netherlands
80%
1Switzerland
69%
1Ukraine
63%

Score Distribution

Percentile by Number Answered

Percent of People with Each Score

Your Score History

You have not taken this quiz